LEADER 03164nam 2200901z- 450 001 9910557372103321 005 20220111 035 $a(CKB)5400000000042170 035 $a(oapen)https://directory.doabooks.org/handle/20.500.12854/76615 035 $a(oapen)doab76615 035 $a(EXLCZ)995400000000042170 100 $a20202201d2021 |y 0 101 0 $aeng 135 $aurmn|---annan 181 $ctxt$2rdacontent 182 $cc$2rdamedia 183 $acr$2rdacarrier 200 00$aPerspectives on Tannins 210 $aBasel, Switzerland$cMDPI - Multidisciplinary Digital Publishing Institute$d2021 215 $a1 online resource (146 p.) 311 08$a3-0365-1092-3 311 08$a3-0365-1093-1 330 $aTannins are a family of versatile, natural phenolic biomolecules whose key role is to protect plants against insects and fungi. They are also valuable in use for humans. We show tannins' antioxidant and antibacterial properties, in addition to their potential application in the food industry. We prove the accessibility of condensed tannins to a wide range of potential applications, including NH3 neutralizer, the building block of numerous porous materials, such as foams, organic, and carbon gels. Finally, they are known as wood adhesives, heavy metal scavengers, and corrosion inhibitors. With this book, we want to present the most promising perspectives of tannin. 606 $aBiology, life sciences$2bicssc 606 $aResearch & information: general$2bicssc 610 $aadvantages 610 $aagriculture 610 $aanthocyanins 610 $aantibacterial 610 $aantioxidant 610 $aapple 610 $aapplications 610 $abiopolymer 610 $ablue honeysuckle berry 610 $acarbon gel 610 $acondensed tannin 610 $acotton 610 $acytotoxicity 610 $adrawbacks 610 $aemission reduction 610 $afatty acid 610 $aflavanols 610 $aFo?rster resonance energy transfer (FRET) 610 $aglucosidase 610 $agrape seed extract 610 $agreenhouse gas 610 $ahuman serum albumin (HSA) 610 $ahydrothermal carbonization 610 $ajuice 610 $aliquid manure 610 $alow-cost 610 $amicrowave-extraction 610 $an/a 610 $anatural polyphenol 610 $anew applications 610 $aNH3 610 $aorganic gel 610 $apolyphenol 610 $apolyphenolic molecules 610 $apolyphenols 610 $apore structure 610 $aporous materials 610 $aprotein aggregation 610 $aprotein conformation 610 $asol-gel 610 $atannin 610 $atannin-furanic foam 610 $atannins 610 $aUV protection 610 $aVitis vinifera 615 7$aBiology, life sciences 615 7$aResearch & information: general 700 $aSzczurek$b Andrzej$4edt$01295452 702 $aSzczurek$b Andrzej$4oth 906 $aBOOK 912 $a9910557372103321 996 $aPerspectives on Tannins$93023461 997 $aUNINA LEADER 05162nam 22007215 450 001 9910253997503321 005 20200705121306.0 010 $a981-10-4041-9 024 7 $a10.1007/978-981-10-4041-2 035 $a(CKB)3850000000027469 035 $a(DE-He213)978-981-10-4041-2 035 $a(MiAaPQ)EBC6314252 035 $a(MiAaPQ)EBC5591399 035 $a(Au-PeEL)EBL5591399 035 $a(OCoLC)983834333 035 $a(PPN)200511181 035 $a(EXLCZ)993850000000027469 100 $a20170419d2017 u| 0 101 0 $aeng 135 $aurnn|008mamaa 181 $ctxt$2rdacontent 182 $cc$2rdamedia 183 $acr$2rdacarrier 200 10$aAdvances in Environmental Biotechnology /$fedited by Raman Kumar, Anil Kumar Sharma, Sarabjeet Singh Ahluwalia 205 $a1st ed. 2017. 210 1$aSingapore :$cSpringer Singapore :$cImprint: Springer,$d2017. 215 $a1 online resource (X, 288 p. 33 illus., 18 illus. in color.) 311 $a981-10-4040-0 327 $aChapter 1. Introduction to Environmental Biotechnology -- Chapter 2. Measurement of Environmental Pollution: Types and Techniques -- Chapter 3. Need For the Advanced Technologies for Wastewater Treatment -- Chapter 4. Perspectives of Bioreactors in Wastewater Treatment -- Chapter 5. Bioremediation Technologies for the Removal of Pollutants -- Chapter 6. Bioremediation Technologies for Decolorization of Effluent -- Chapter 7. Bioremediation of Tannery Wastewater -- Chapter 8. Sustainable Environmental Biotechnology -- Chapter 9. Application of Nanotechnology in the Environment Biotechnology -- Chapter 10. Biofertlizers and Biopesticides: Eco-friendly Biological Agents -- Chapter 11. Approaches to Agro Industrial Solid Waste Disposal and Bioenergy Generation -- Chapter 12. Role of Genetically Modified Microorganisms in Heavy Metal Bioremediation -- Chapter 13. Agriculture Biotechnology -- Chapter 14. Recent Advances in Phytoremediation Technology -- Chapter 15. Microbial Flora and Biodegradation of Pesticides: Trends, scope and Relevance -- Chapter16. Biosensors: A Tool for Environmental Monitoring and Analysis. 330 $aThe book aims to provide a comprehensive view of advanced environmental approaches for wastewater treatment, heavy metal removal, pesticide degradation, dye removal, waste management, microbial transformation of environmental contaminants etc. With advancements in the area of Environmental Biotechnology, researchers are looking for the new opportunities to improve quality standards and environment. Recent technologies have given impetus to the possibility of using renewable raw materials as a potential source of energy. Cost intensive and eco-friendly technology for producing high quality products and efficient ways to recycle waste to minimize environmental pollution is the need of hour. The use of bioremediation technologies through microbial communities is another viable option to remediate environmental pollutants, such as heavy metals, pesticides and dyes etc. Since physico-chemical technologies employed in the past have many potential drawbacks including higher cost, and lower sustainability. So there is need of efficient biotechnological alternatives to overcome increasing environmental pollution. Hence, there is a need for environmental friendly technologies that can reduce the pollutants causing adverse hazards on humans and surrounding environment. . 606 $aEnvironmental health 606 $aEnvironmental engineering 606 $aBiotechnology 606 $aEnvironmental management 606 $aBotanical chemistry 606 $aPlant breeding 606 $aEnvironmental Health$3https://scigraph.springernature.com/ontologies/product-market-codes/U18005 606 $aEnvironmental Engineering/Biotechnology$3https://scigraph.springernature.com/ontologies/product-market-codes/U33000 606 $aEnvironmental Management$3https://scigraph.springernature.com/ontologies/product-market-codes/U17009 606 $aPlant Biochemistry$3https://scigraph.springernature.com/ontologies/product-market-codes/L14021 606 $aPlant Breeding/Biotechnology$3https://scigraph.springernature.com/ontologies/product-market-codes/L24060 615 0$aEnvironmental health. 615 0$aEnvironmental engineering. 615 0$aBiotechnology. 615 0$aEnvironmental management. 615 0$aBotanical chemistry. 615 0$aPlant breeding. 615 14$aEnvironmental Health. 615 24$aEnvironmental Engineering/Biotechnology. 615 24$aEnvironmental Management. 615 24$aPlant Biochemistry. 615 24$aPlant Breeding/Biotechnology. 676 $a628.5 702 $aKumar$b Raman$4edt$4http://id.loc.gov/vocabulary/relators/edt 702 $aSharma$b Anil Kumar$4edt$4http://id.loc.gov/vocabulary/relators/edt 702 $aAhluwalia$b Sarabjeet Singh$4edt$4http://id.loc.gov/vocabulary/relators/edt 801 0$bMiAaPQ 801 1$bMiAaPQ 801 2$bMiAaPQ 906 $aBOOK 912 $a9910253997503321 996 $aAdvances in Environmental Biotechnology$92517637 997 $aUNINA